00817nam a22001937a 4500999001700000003000900017008004100026040007100067082001700138100001700155245005300172260002400225300002600249505019000275650002300465942001600488945002100504952009800525 c17700d17700AR-CdUCM190430b ||||| |||| 00| 0 spa d aMUNICIPALIDAD PROVINCIAL DEL CUSCOcBIBLIOTECA MUNICIPAL DEL CUSCO a335.4 /bL44 aLenin, V. L. aEl imperialismo, fase superior del capitalismo / aMoscu. :bProgreso, a130 paginas ;c21 cm. aContenido : La concentración de la producción y los monopolios -- Los bancos y su nuevo papel -- El capital financiero y la oligarquía financiera -- La exportación de capital... aCapitalismo 93221 2ddccLIBROS apjhad2019-05-09 002ddc4070aSHbSHcCARTd2019-05-09g25.00o335.4 / L44IpSH0000012819r2019-05-09yLIBROS